000 00709nam a22002177a 4500
003 DO-SdBNP
005 20240126131513.0
007 ta
008 220131b2020 dr ||||| |||| 00| 0 spa d
020 _a9789945807691
040 _aDO-SdBNP
_bspa
_cBNPHU
082 4 _222
_bL318c
245 1 0 _aCompás :
_breflexiones para el espíritu y la conciencia /
_cErasmo Lara Peña ; cuidado de la edición Dario Tejada.
260 _aSanto Domingo :
_bs.n.,
_c2020.
300 _a146 p. :
_c21 cm.
500 _aIncluye datos biográficos del autor en la solapa de la contracubierta.
590 _aInventariado, 2022 /LP
700 1 _aTejada, Dario,
_eed.
_918722
910 _aLopérez.
942 _2ddc
_cLBS1
999 _c51265
_d51265